Click The Countries In... - Statistics

General Stats
  • This quiz has been taken 208 times
    160 since last reset
  • The average score is 36 of 45
Answer Stats
Question Tile Select % Correct
Click The Countries In Asia Usa No
98%
Click The Countries In Asia Somalia No
97%
Click The Countries In Asia China Yes
96%
Click The Countries In Asia India Yes
96%
Click The Countries In Asia Myanmar Yes
96%
Click The Countries In Asia Comoros No
94%
Click The Countries In Asia Nepal Yes
93%
Click The Countries In Central America Denmark No
89%
Click The Countries In Australia Ghana No
89%
Click The Countries In Australia Spain No
89%
Click The Countries In Australia Australia Yes
87%
Click The Countries In Australia Austria No
87%
Click The Countries In Asia Maldives Yes
87%
Click The Countries In Central America El Salvador Yes
86%
Click The Countries In Australia Nicaragua No
86%
Click The Countries In Central America Panama Yes
86%
Click The Countries In Asia Papua New Guinea No
85%
Click The Countries In Central America Usa No
84%
Click The Countries In NATO France Yes
83%
Click The Countries In NATO North Korea No
83%
Click The Countries In NATO Palau No
83%
Click The Countries In Central America Peru No
83%
Click The Countries In Central America Guatemala Yes
82%
Click The Countries In NATO Usa Yes
81%
Click The Countries In NATO Zimbabwe No
81%
Click The Countri- Click The TransContinental Countries Botswana No
79%
Click The Countri- Click The TransContinental Countries Poland No
79%
Click The Countri- Click The TransContinental Countries Russia Yes
79%
Click The Countries In NATO Germany Yes
78%
Click The Countri- Click The TransContinental Countries Namibia No
78%
Click The Countri- Click The TransContinental Countries Canada No
76%
Click The Countries In Australia New Zealand Yes
76%
Click The Countri- Click The TransContinental Countries Algeria No
75%
Click The Countries In NATO Canada Yes
75%
Click The Countries In NATO China No
75%
Click The Countri- Click The TransContinental Countries South Africa No
75%
Click The Countries In NATO UK Yes
75%
Click The Countri- Click The TransContinental Countries Turkey Yes
74%
Click The Countries In Australia Fiji Yes
71%
Click The Countries In Australia Timor-Leste No
71%
Click The Countries In Australia Solomon Islands Yes
70%
Click The Countri- Click The TransContinental Countries Mexico No
63%
Click The Countries In Central America Jamaica No
37%
Click The Countries In Central America Haiti No
35%
Click The Countries In Central America Cuba No
33%
No matching quizzes found
Score Distribution
Percent of People with Each Score
Percentile by Number Answered
Your Score History
You have not taken this quiz since the last reset